| 000 | 00725nam a2200217 a 4500 | ||
|---|---|---|---|
| 005 | 20210223122750.0 | ||
| 008 | 991125s1980 es 000 0 spa u | ||
| 020 | _a8474300487 | ||
| 035 | _aUPN01000041087 | ||
| 049 | _aCG | ||
| 050 | 4 |
_aQA611.19 _bS3.58 |
|
| 100 | 1 | _aSauvy, Jean | |
| 245 | 1 | 3 |
_aEl niño ante el espacio : _biniciación a la topología intuitiva de la rayuela a los laberintos / _cJean Sauvy y Simonne Sauvy ; tr. José Ma. Ramírez Sintes. |
| 260 |
_aMadrid : _bP. del Río, _c1980. |
||
| 300 |
_a107 p. : _bil. |
||
| 440 | 0 |
_aSíntesis ; _v7 |
|
| 650 | 4 |
_aPERCEPCION ESPACIAL _98166 |
|
| 650 | 4 |
_aTOPOLOGIA - _vPROBLEMAS, EJERCICIOS, ETC. _922544 |
|
| 700 | 1 |
_aSauvy, Simonne, _ecoaut. |
|
| 905 | _aLibro | ||
| 999 |
_c41087 _d41087 |
||